000 01229nam a2200277 a 4500
001 ebr10046516
003 CaPaEBR
006 m u
007 cr cn|||||||||
008 090804s2003 dcu s 000 0 eng d
040 _aCaPaEBR
_cCaPaEBR
035 _a(OCoLC)568295721
043 _an-us---
050 1 4 _aKF1418.A559
_bS36 2003eb
100 1 _aSchnapf, Lawrence P.
245 1 0 _aSEC considering changing environmental disclosure requirements for foreign corporations
_h[electronic resource] /
_cby Lawrence P. Schnapf.
260 _aWashington, D.C. :
_bEnvironmental Law Institute,
_c2003.
300 _a[1] p.
490 0 _aEnvironmental law reporter news & analysis
533 _aElectronic reproduction.
_bPalo Alto, Calif. :
_cebrary,
_d2009.
_nAvailable via World Wide Web.
_nAccess may be limited to ebrary affiliated libraries.
650 0 _aCorporations, Foreign
_xAccounting
_xLaw and legislation
_zUnited States.
650 0 _aEnvironmental impact statements
_xLaw and legislation
_zUnited States.
655 7 _aElectronic books.
_2local
710 2 _aebrary, Inc.
856 4 0 _uhttp://site.ebrary.com/lib/rucke/Doc?id=10046516
_zAn electronic book accessible through the World Wide Web; click to view
999 _c74260
_d74260